| 000 | 00411nam a2200145Ia 4500 | ||
|---|---|---|---|
| 008 | 151015s9999 xx 000 0 und d | ||
| 020 | _a131467662 | ||
| 050 | _aQA 152.3.S885 2007 | ||
| 245 | _aSullivan, Michael | ||
| 250 | _a_Elementary Algebra Michael Sullivan,III | ||
| 300 | _aNew Jersey Pearson 2007 | ||
| 500 | _aInclude index | ||
| 650 | _a_Algebra-textbook | ||
| 700 | _a^d20120814 04:02:26^okorir | ||
| 999 |
_c3435 _d3435 |
||